000 01965cam a22005654i 4500
003 PE-LiUPU
005 20250731170428.0
008 191105s2016 sp a r 000 0 spa d
020 _a9587780841
020 _a9789587780840
035 _a(Sirsi) a252660
040 _aPE-LiUPU
_bspa
_cPE-LiUPU
_erda
049 _aPRUA
082 0 4 _a152.46
_bP8
_220
245 0 0 _aPsicología del miedo /
_cGuillermo Fouce (Coordinador).
264 1 _aMadrid :
_bGrupo 5,
_c2016.
300 _a148 páginas :
_bilustraciones ;
_c24 centímetros
336 _atext
_2rdacontent
337 _aunmediated
_2rdamedia
338 _avolume
_2rdacarrier
505 0 _aContra los traficantes del miedo -- Vencer el miedo -- Fundamentos biológicos del miedo -- Cómo afrontar el miedo -- Decálogo aplicado para la manipulación y la generación de miedo -- Miedo y la guerra -- Construir una respuesta cultural frente a los agitadores del miedo al diferente: un ejemplo de aplicación práctica -- El tiempo del miedo como arma política.
526 _aSEG68
526 _aSEG70
526 _aSEG69
526 _aSEG67
526 _aSEG43
526 _aP144
526 _aP143
526 _aP131
526 _aP122
526 _aP120
526 _aP117
526 _aP112
526 _aP110
526 _aP106
526 _aP101
526 _aP80
526 _aP59
526 _aP54
526 _aP35
526 _aP33
526 _aP30
541 _gF004-000262;
650 0 7 _aMiedo
_xPsicología.
_2lemb
910 _adbm
_bjpc
_cjpc
_d20191105
942 _2ddc
_cBOOK
994 _aC0
_bPEPRU
596 _a1
999 _a152.46 P8
_wDEWEY
_c31889
_i80734
_f2021-11-30
_g3
_lCCODEBUL1
_mBUL
_p18.00
_r0
_sY
_tBOOK
_u2019-11-5
_xEDUCACION
_zP59
_0COMPRA
_1FCOMPR4
_o.STAFF. Colección Ciencias Humanas y Educación
_d31889
980 _81
_gALBERTO SANCHEZ Responsable de Automatización